000 01782nam a2200445 i 4500
001 ELB41944
003 FlNmELB
006 m o d |
007 cr cnu||||||||
008 170212s2009 sp o 001 0 spa d
020 _z9788492521821
020 _a9788415031635 (e-book)
035 _a(MiAaPQ)EBC4760198
035 _a(Au-PeEL)EBL4760198
035 _a(CaPaEBR)ebr11312179
035 _a(OCoLC)984775518
040 _aFINmELB
_bspa
_erda
_cFINmELB
050 4 _aLA917
_bF254 2009
080 _a378
082 0 _a378.46
_223
100 1 _aFatás Cabeza, Guillermo.
245 1 0 _aDel patrono de la universidad de Zaragoza y de cómo fue destruida en 1809 /
_cGuillermo Fatás Cabeza.
264 1 _aZaragoza :
_bPrensas de la Universidad de Zaragoza,
_c[2009]
300 _a1 recurso en línea (106 páginas)
336 _atexto
_btxt
_2rdacontent/spa
337 _acomputadora
_bc
_2rdamedia/spa
338 _arecurso en línea
_bcr
_2rdacarrier/spa
490 1 _aColección Paraninfo. San Braulio
500 _aContiene índice.
588 _aDescripción basada en recurso en línea; Título de la página del título en PDF (e-libro, visto February 12, 2017).
590 _aRecurso electronico. Santa Fe, Arg. : e-libro, 2016. Disponible via World Wide Web. El acceso puede ser limitado para las bibliotecas afiliadas a e-libro.
600 0 0 _aBraulio,
_cSaint, Bishop of Zaragoza,
_dapproximately 585-approximately 651.
610 2 0 _aUniversidad de Zaragoza.
650 0 _aUniversities and colleges
_zSpain
_xHistory.
650 4 _aUniversidades
_zEspaña
_xHistoria.
655 4 _aLibros electrónicos.
797 2 _ae-libro, Corp.
830 0 _aColección Paraninfo. San Braulio.
856 4 0 _uhttps://elibro.net/ereader/usam/41944
999 _c148821
_d148821